Capital cities with penultimate letter I - Statistics

General Stats
  • This quiz has been taken 28 times
    14 since last reset
  • The average score is 11 of 18
Answer Stats
Answer % Correct
Berlin
82%
Brasilia
82%
Sofia
82%
Dublin
73%
Madrid
73%
Reykjavik
73%
Nicosia
64%
Paris
64%
Apia
55%
Praia
55%
Pretoria
55%
Tunis
55%
Victoria
55%
Bloemfontein
45%
Monrovia
45%
Port Louis
45%
Port of Spain
36%
Palikir
18%
No matching quizzes found
Score Distribution
Percent of People with Each Score
Percentile by Number Answered
Your Score History
You have not taken this quiz since the last reset